00441 2200157 4500001002100000005001500021035002000036245008200056100001900138300002700157260004300184082000800227084001400235020002200249990001200271INLIS00000000000292020250911024941 a0010-09250002671 aMetode Jibril :bCara Mudah Menghafal Al Qur'an Juz 28 /cUst. Fadhil Zakaria0 aFadhil Zakaria a62 hlm ;c19 x 24,5 cm aJakarta :bEmir Cakrawala Islam,c2024 a200 a200 FAD m a978-623-522-242-4 a0755317